| 000 | 00718nam a2200253 a 4500 | ||
|---|---|---|---|
| 001 | BRL_283 | ||
| 005 | 20190320210653.0 | ||
| 008 | 220713s1985----mx-a######---#000-0#spa-# | ||
| 020 | _a9686661239 | ||
| 041 | _aspa | ||
| 044 | _amx | ||
| 050 | 4 |
_aF1221.P6 _b.L36 1985 |
|
| 100 | 1 |
_aLama, Erendira de la _923450 |
|
| 245 | 1 | 0 |
_aLos Reyes Metzontla _cErendira de la Lama, Louisa Reynoso. |
| 260 |
_aMéxico, D.F. _bFONART, SEP _c[1985] |
||
| 300 |
_a61 p. _bil. _c22 cm. |
||
| 500 | _aAu2361 | ||
| 504 | _aBibliografía : p. 57-59 | ||
| 650 | 1 | 4 |
_aPopoloca pottery _923451 |
| 651 | 4 |
_aMetzontla Los Reyes (México) _xHistoria _923452 |
|
| 700 | 1 |
_aReynoso, Louisa _ecoaut. _923453 |
|
| 902 | _aGRL | ||
| 942 |
_2lcc _cB |
||
| 999 |
_c9096 _d9096 |
||